| 000 | 00971nam a22002657a 4500 | ||
|---|---|---|---|
| 001 | 7584 | ||
| 003 | FISKH | ||
| 005 | 20250724151015.0 | ||
| 008 | 250724b cb ||||| |||| 00| 0 eng d | ||
| 020 | _a0756612764 | ||
| 040 |
_aFISKH _beng _cFISKH _dFISKH |
||
| 050 | _aPZ7.S772 H | ||
| 082 | _a833.8 | ||
| 100 |
_aSpyri, Johanna _d (1827–1901) |
||
| 245 |
_aHeidi / _cBy Johanna Spyri ; Retold by Sally Grindley ; Illustrated by Pamela Venus |
||
| 250 | _aThis edition first published in 2000 | ||
| 260 |
_aNew York : _bDorling Kindersley, _c1998 |
||
| 300 |
_a48 pages : _bcolor illustrations ; _c28 cm |
||
| 520 | _aA Swiss orphan is heartbroken when she must leave her beloved grandfather and their happy home in the mountains to go to school and to care for an invalid girl in the city. | ||
| 650 |
_2Children's classics _aSwitzerland |
||
| 650 |
_2Orphans _aJuvenile fiction |
||
| 700 |
_aVenus, Pamela _dillustrator |
||
| 942 |
_2ddc _cBK _n0 |
||
| 999 |
_c7584 _d7584 |
||